Víno na tanieri

Bibliographic Details
Main Author: Malík, Fedor, 1945- (Author)
Other Authors: Jablonovský, František, 1956- (Illustrator)
Format: Book
Language:Slovak
PhysicalDescription:152 strán, 16 nečíslovaných strán obrazových príloh farebné fotografie, ilustrácie 21 cm
Published: Bratislava Vydavateľstvo PT c2004
ISBN:8088912067
Edition:1. vyd.
Subjects:

MARC

LEADER 00000cam a2200000 a 4500
001 vtls001487122
003 SK-MaSNL
005 20260302040744.0
008 240226s2004 xo oa gr 000 0 slo
015 |a SNBA2005/03-01099 
020 |a 8088912067  |q (viazané) 
035 |a SNK000442414 
035 |a urn:nbn:sk:snk-am3j3m1 
035 |a 50801CF3-DA62-4436-83CA-424860178FC9 
035 |a urn:nbn:sk:snk-am00gh9l 
040 |a SNK  |b slo  |c SNK  |e AACR2 
041 0 |a slo 
044 |a xo  |c SK 
072 7 |a 663  |x Priemysel nápojov. Kvasný priemysel. Priemysel pochutín  |2 konspekt 
080 |a (048.8)  |2 2011 
080 |a 663.2  |2 2011 
100 1 |a Malík, Fedor,  |d 1945-  |4 aut  |9 98396 
245 1 0 |a Víno na tanieri  |c Fedor Malík; [ilustrácie Fero Jablonovský] 
250 |a 1. vyd. 
260 |a Bratislava  |b Vydavateľstvo PT  |c c2004 
300 |a 152 strán, 16 nečíslovaných strán obrazových príloh  |b farebné fotografie, ilustrácie  |c 21 cm 
500 |a Rozložená ilustrovaná titulná strana 
650 0 7 |a víno  |2 SNKPH  |9 1658 
655 7 |a monografie  |2 SNKPH  |9 70139 
700 1 |a Jablonovský, František,  |d 1956-  |4 ill  |9 104698 
919 |a 80-88912-06-7 
958 |a OND 
999 |c 1075994  |d 1077924 
952 |a SNK  |b SNK  |y PREZ  |7 0  |p 17A0451789  |o snkSC 118387  |i snkKSP 15969/2004  |0 0  |1 0  |4 0  |d 2004-12-16  |f 1  |l 0  |r 2025-10-07 00:00:00  |w 2026-02-24 
952 |a SNK  |b SNK  |y VYP  |7 0  |p 17A0451790  |o snkSC 118387 D1  |i snkKSP 15970/2004  |0 0  |1 0  |4 0  |d 2004-12-16  |l 0  |r 2005-01-02 00:00:00  |w 2026-02-24